Integrated development of reservoirs: unified control for efficient flood moderation in Ganga basin (Record no. 113830)

000 -LEADER
fixed length control field 00477pab a2200169 454500
008 - FIXED-LENGTH DATA ELEMENTS--GENERAL INFORMATION
fixed length control field 180718b2017 xxu||||| |||| 00| 0 eng d
100 ## - MAIN ENTRY--PERSONAL NAME
Personal name Rai, N.N.
245 ## - TITLE STATEMENT
Title Integrated development of reservoirs: unified control for efficient flood moderation in Ganga basin
260 ## - PUBLICATION, DISTRIBUTION, ETC.
Date of publication, distribution, etc. 2017
300 ## - PHYSICAL DESCRIPTION
Extent p.220-230.
362 ## - DATES OF PUBLICATION AND/OR SEQUENTIAL DESIGNATION
Dates of publication and/or sequential designation Jan
650 ## - SUBJECT ADDED ENTRY--TOPICAL TERM
Topical term or geographic name entry element Flood control
650 ## - SUBJECT ADDED ENTRY--TOPICAL TERM
Topical term or geographic name entry element Reservoirs
700 ## - ADDED ENTRY--PERSONAL NAME
Personal name Iyer, J. Chandrashekhar
773 ## - HOST ITEM ENTRY
Main entry heading Journal of Governance
909 ## -
-- 113836
Holdings
Withdrawn status Lost status Damaged status Not for loan Permanent Location Current Location Date acquired Serial Enumeration / chronology Barcode Date last seen Price effective from Koha item type
        Indian Institute of Public Administration Indian Institute of Public Administration 2018-07-19 Volume no: 14, Issue no: 7 AR114296 2018-07-19 2018-07-19 Articles

Powered by Koha